Segunda muestra internacional de interiorismo contemporáneo. Bienal - México 2003

Bibliographic Details
Main Authors: Plazola Anguiano, Guillermo, Plazola Anguiano, Alfredo
Format: Section = Libro
Language:Undetermined
Spanish
Published: México Plazola Editores 2003
Subjects:
LEADER 00744nam a2200229Ia 4500
008 240829s9999 xx 000 0 und d
020 |a 968-7478-18-7 
040 |a BIBLIOTECA-RUSB/ 747 P723 
041 |a spa 
082 |a 747 P723 
100 1 |a Plazola Anguiano, Guillermo 
100 1 |b  Plazola Anguiano, Alfredo 
245 1 0 |a Segunda muestra internacional de interiorismo contemporáneo. Bienal - México 2003 
260 |a México  |b Plazola Editores  |c 2003 
300 |a 224 p. :il. 
650 7 |a DISEÑO DE INTERIORES BIENAL 
650 7 |b  ARQUITECTURA INTERIORISMO CONTEMPORÁNEO 
650 7 |c  ARQUITECTURA BIENAL - MEXICO 
650 7 |d  MUSEO HOTEL OFICINAS RESTAURANTES - INTERIORES 
942 |c BK  |2 ddc 
991 |a TEXTO 
999 |c 5450